Central Library OPAC University of Rajshahi

FACTORS INFLUENCING NUTRITIONAL STATUS AMONG MOTHER AND PRESCHOOL CHILDREN IN THE CATCHMENT AREAS OF COMMUNITY CLINICS IN RAJSHAHI DISTRICT , BANGLADESH / (Record no. 82889)

MARC details
000 -LEADER
fixed length control field 01183nam a2200253 a 4500
001 - CONTROL NUMBER
RUCL Control Number 82889
003 - CONTROL NUMBER IDENTIFIER
rucl marc code BD-RjUL
005 - DATE AND TIME OF LATEST TRANSACTION
control field 20240131161905.0
008 - FIXED-LENGTH DATA ELEMENTS--GENERAL INFORMATION
fixed length control field 240131s2018 bg a|||| m||| 00| 0 eng d
035 ## - SYSTEM CONTROL NUMBER
system control number (BD-RjUL)82889
040 ## - CATALOGING SOURCE
Original cataloging agency BD-RjUL
Language of cataloging eng
Transcribing agency BD-RjUL
Modifying agency BD-RjUL
041 ## - LANGUAGE CODE
Language code of Book eng
082 ## - DEWEY DECIMAL CLASSIFICATION NUMBER
DDC Edition number 23
Classification number 362.1
Author mark and Year KAF 2018
100 ## - MAIN ENTRY--PERSONAL NAME
Personal name Karim, Md. Reazul
9 (RLIN) 11322
245 10 - TITLE STATEMENT
Title FACTORS INFLUENCING NUTRITIONAL STATUS AMONG MOTHER AND PRESCHOOL CHILDREN IN THE CATCHMENT AREAS OF COMMUNITY CLINICS IN RAJSHAHI DISTRICT , BANGLADESH /
Statement of responsibility, etc Md. Reazul Karim
Name of Supervisor/Co-Supervisor Supervisors : Md. Golam Hossain & Md. Nazrul Islam Mondal
260 ## - PUBLICATION, DISTRIBUTION, ETC. (IMPRINT)
Place of publication, distribution, etc Rajshahi :
Name of publisher, distributor, etc Department of Population Science and Human Resource Development,University of Rajshahi
Date of publication, distribution, etc 2018
300 ## - PHYSICAL DESCRIPTION
Pagination [2], xvi, 145 leaves :
Other physical details ill.;
Dimensions 29 cm.
502 ## - DISSERTATION NOTE
Dissertation note Thesis(M.Phil.)-- Department of Population Science and Human Resource Development,University of Rajshahi,2018
504 ## - BIBLIOGRAPHY, ETC. NOTE
Bibliography, etc Bibliography : Leaves 129-142
650 ## - SUBJECT ADDED ENTRY--TOPICAL TERM
Topical term or geographic name as entry element Primary health care
General subdivision Community Clinics
Geographic subdivision Bangladesh
-- Rajshahi District
9 (RLIN) 11323
700 ## - ADDED ENTRY--SUPERVISOR/CO-SUPERVISOR NAME
Personal name Hossain, Md. Golam, Supervisors
9 (RLIN) 7171
Personal name Mondal, Md. Nazrul Islam, Supervisors
9 (RLIN) 11324
942 ## - ADDED ENTRY ELEMENTS (KOHA)
Source of classification or shelving scheme Dewey Decimal Classification
Koha item type Theses
Holdings
Source of classification or shelving scheme Damaged status Not for loan Collection code Permanent Location Current Location Shelving location Date of accession Source of acquisition Total Checkouts Full call number Barcode Date last seen Copy number Thesis
Dewey Decimal Classification   Not For Loan Theses Central Library, University of Rajshahi Central Library, University of Rajshahi Documentation Section 05/08/2019 Controller of Exam. R.U.   THE 362.1 KAF 2018 D4326 31/01/2024 C-1 Theses